| 000 | 00620cam a22001934a 4500 | ||
|---|---|---|---|
| 020 | _a0471201898 (alk. paper) | ||
| 040 | _cDLC | ||
| 082 | 0 | 0 | _a004 WIL 2002 A007 Or. |
| 100 | 1 | _aDennis, Alan. | |
| 245 | 1 | 0 | _aNetworking in the Internet age / |
| 260 |
_aNew York : _bWiley, _cc2002. |
||
| 300 |
_axvi, 413 p. : _bill. (some col.), map ; _c24 cm. |
||
| 500 | _aIncludes index. | ||
| 650 | 0 | _aWide area networks (Computer networks) | |
| 650 | 0 | _aInternet. | |
| 856 | 4 | 2 | _uhttp://www.loc.gov/catdir/description/wiley036/2002023472.html |
| 856 | 4 | 1 | _uhttp://www.loc.gov/catdir/toc/wiley022/2002023472.html |
| 942 | _cEK | ||
| 999 |
_c12498 _d12498 |
||